[Event "Orbis-2 GM 2018"]
[Site "Paracin"]
[Date "2018.12.05"]
[Round "4"]
[White "Krishnater Kushager"]
[Black "Mendonca, Leon Luke"]
[Result "1-0"]
[WhiteElo "2305"]
[BlackElo "2350"]
[Annotator "TA"]
[PlyCount "83"]
[EventDate "2018.12.03"]
[EventType "tourn"]
[EventCountry "SRB"]
[SourceTitle "playchess.com"]
[Source "ChessBase"]
[SourceQuality "1"]

{[%evp 21,83,72,95,96,93,92,152,156,182,163,167,173,260,224,450,436,522,532,620,626,395,627,627,608,725,608,608,578,508,400,399,385,393,274,264,272,282,259,337,317,438,440,408,430,434,429,389,347,475,512,509,511,509,502,661,373,692,691,1051,1044,1008,970,952,816]} 1. e4 c5 2. Nf3 d6 3. d4 cxd4 4. Nxd4 Nf6 5. Nc3 a6 6. h3 e5 7. Nb3 Be6 {B90: Sicilian Najdorf: Unusual White 6th moves, 6 Be3 Ng4 and 6 Be3 e5} 8. f4 exf4 9. Bxf4 Nc6 10. Qe2 Ne5 (10... Be7 11. O-O-O Qc7 12. g4 O-O 13. g5 Nd7 14. Nd5 Bxd5 15. exd5 {1-0 (36) Safarli,E (2667)-Papaioannou,I (2647) Rio Achaea 2018}) 11. O-O-O Qc7 {LiveBook: 4 Games} 12. Nd4 Be7 $146 ({Predecessor:} 12... Rc8 13. Kb1 Be7 14. g4 Qb6 15. Qe3 {1-0 (28) Kathmale,S (2323)-Zhao,S (2094) Ho Chi Minh City 2017}) 13. Nf5 (13. Nxe6 $6 fxe6 14. g3 Kf7 $11) 13... g6 (13... Bxf5 $142 14. exf5 h6) 14. Nxe7 $16 Kxe7 15. Qf2 {Threatens to win with Bg5.} Nfd7 16. Be2 b5 (16... Rac8 {is a better defense.} 17. Rhf1 (17. Bxe5 Nxe5 18. Rd4 h5 $14) 17... Kf8) 17. Rhf1 $18 {And now Bxe5 would win.} (17. Bxe5 Nxe5 18. Rhf1 Rhc8 $16) 17... Rhc8 $2 {[#]} (17... Rac8 {was necessary.} 18. Bxe5 dxe5) 18. Bg4 $1 {[%mdl 512]} Nxg4 19. hxg4 Ne5 20. Qh4+ Ke8 21. Bxe5 dxe5 22. Qxh7 Qe7 23. Qh8+ Qf8 24. Qxe5 {Hoping for Nd5.} Qc5 25. Qh8+ Qf8 26. Qf6 Qe7 27. g5 {Black must now prevent Rh1.} Qxf6 28. gxf6 {Threatening mate with Rh1.} ({Don't do} 28. Rxf6 $6 Rc5 $16) 28... Rd8 29. e5 Rxd1+ 30. Rxd1 {[%mdl 4096] Endgame KRB-KRN} Rc8 31. Ne4 Kf8 32. Nc5 Bf5 33. b4 Kg8 34. a3 {[%cal Ba2a3,Ba3b4][%mdl 32]} a5 35. Kb2 axb4 36. axb4 Re8 37. Rd5 Kh7 38. g3 Kh6 $2 (38... Rc8 39. c4 bxc4) 39. Nb7 {White is clearly winning.} Be4 40. Rxb5 Bc6 41. Rb6 Bd5 {[#]} 42. c4 $1 {Accuracy: White = 81%, Black = 34%.} 1-0

[Event "Orbis-2 GM 2018"]
[Site "Paracin"]
[Date "2018.12.05"]
[Round "4"]
[White "Aithmidou, Mohamed-Mehdi"]
[Black "Der Manuelian, Haik"]
[Result "0-1"]
[WhiteElo "2261"]
[BlackElo "2262"]
[Annotator "TA"]
[PlyCount "148"]
[EventDate "2018.12.03"]
[EventType "tourn"]
[EventCountry "SRB"]
[SourceTitle "playchess.com"]
[Source "ChessBase"]
[SourceQuality "1"]

{[%evp 25,148,0,0,0,0,0,0,-10,-1,-15,-14,-8,-11,-81,-85,-82,-74,-72,-30,-33,-12,-48,-58,-79,-81,-99,-87,-98,-60,-98,-95,-104,-96,-132,-123,-125,0,-135,-125,-156,-133,-133,0,-144,-146,-133,-125,-133,-102,-101,-120,-143,-148,-147,-143,-191,-215,-193,-174,-241,-249,-261,-233,-244,-208,-249,-250,-368,-286,-292,-273,-342,-343,-474,-474,-447,-365,-464,-466,-437,-406,-529,-529,-529,-522,-522,-522,-522,-522,-588,-586,-722,-716,-892,-871,-1104,-1104,-2386,-2649,-2325,-2229,-1994,-1772,-5631,-5518,-6658,-6179,-5822,-7384,-29975,-29976,-29976,-29977,-29977,-29977,-29977,-29978,-29981,-29982,-29987,-29988,-29988,-29989,-29989,-29989]} 1. e4 e5 2. Nf3 Nc6 3. Bb5 Nf6 4. O-O Nxe4 5. d4 Nd6 6. Bxc6 dxc6 7. dxe5 Nf5 8. Qxd8+ Kxd8 9. h3 Ke8 10. Nc3 h5 {C67: Ruy Lopez: Berlin Defence: 4 0-0 Nxe4} 11. Bf4 Be6 (11... Be7 12. Rfe1 Be6 13. Ne4 h4 14. c3 Rd8 15. Nfg5 Rh6 16. g4 hxg3 17. fxg3 c5 18. Nxe6 Rxe6 {1-0 (50) Duda,J (2737)-Karjakin,S (2773) chess.com INT 2018}) 12. Ng5 Rh6 13. Rfd1 Be7 {LiveBook: 4 Games} 14. Nce4 Bd5 15. Nc3 $146 ({Predecessor:} 15. b3 Rg6 16. c4 Bxe4 17. Nxe4 c5 18. Rab1 {1-0 (29) Comp Pewatronic-Van Foreest,L (2488) Spakenburg 2018}) 15... Rg6 16. Nge4 Rd8 17. Kh2 b5 18. a3 a5 19. Ng3 (19. f3 $11) 19... Nxg3 $17 20. fxg3 Re6 21. h4 b4 22. axb4 axb4 23. Ne2 c5 24. Ng1 Be4 25. Rxd8+ Kxd8 26. c3 Rb6 27. Nf3 bxc3 28. bxc3 Rb2 {[#] Hoping for ...Bxf3.} 29. Kh3 Bf5+ 30. Kh2 Be4 31. Kh3 $1 Rf2 32. Be3 Re2 33. Bf4 Rf2 34. Be3 $1 {[%cal Re3f2]} Rc2 35. Rc1 Bf5+ 36. Kh2 Rxc1 37. Bxc1 {[%mdl 4096] Endgame KBB-KBN} Kd7 38. Kg1 Kc6 39. Kf2 Kd5 40. Ke3 Kc4 41. Bd2 Be6 42. Ng1 (42. Be1 $142) 42... Kb3 $19 43. Ne2 Bg4 44. Nf4 Kc2 45. Be1 c6 46. Nd3 (46. Nh3 {keeps fighting.}) 46... Bf5 47. Nf4 g6 48. Ne2 Bd8 49. Bf2 Bg4 50. c4 Kb3 51. Nf4 Kxc4 52. Kd2 Bf5 53. g4 Bxg4 54. Nd3 Ba5+ 55. Ke3 Bf5 56. Ne1 Bc3 57. Nf3 Bg4 58. Nd2+ Kd5 59. Bg3 c4 {[%cal Bc5c4,Bc4c3,Bc3c2][%mdl 32]} 60. Nf1 Bxe5 61. Bxe5 Kxe5 {KB-KN} 62. Nd2 c3 63. Nb3 Bf5 64. Nd4 c2 65. Nb3 Be6 66. Nc1 Kf5 67. g3 Kg4 {Black mates.} 68. Kf2 Bc4 69. Kg2 f6 {[%cal Bf7f6,Bf6g5,Bg5h4][%mdl 32]} 70. Kf2 g5 71. hxg5 fxg5 72. Kg2 h4 73. gxh4 gxh4 74. Kf2 Kf4 {Precision: White = 45%, Black = 75%.} 0-1

[Event "Orbis-2 GM 2018"]
[Site "Paracin"]
[Date "2018.12.06"]
[Round "5"]
[White "Savic, Miodrag R"]
[Black "Krishnater Kushager"]
[Result "1/2-1/2"]
[WhiteElo "2511"]
[BlackElo "2305"]
[Annotator "TA"]
[PlyCount "46"]
[EventDate "2018.12.03"]
[EventType "tourn"]
[EventCountry "SRB"]
[SourceTitle "playchess.com"]
[Source "ChessBase"]
[SourceQuality "1"]

{[%evp 16,46,-29,-38,-25,-30,0,0,0,0,0,0,0,0,0,-45,-31,-38,-35,-52,-39,-72,-33,-34,-34,-34,-37,-30,-30,-56,-57,-54,-57]} 1. e4 c5 2. c3 Nf6 3. e5 Nd5 4. g3 d6 5. exd6 Qxd6 6. Bg2 Nc6 7. Ne2 Bf5 {B22: Sicilian: 2 c3} (7... Bg4 8. h3 Bxe2 9. Qxe2 e6 10. Na3 Be7 11. Nc4 Qd7 12. d3 O-O 13. O-O b5 14. Ne3 Rad8 15. d4 b4 16. dxc5 bxc3 17. Nxd5 exd5 18. bxc3 Bxc5 {½-½ (74) Cuartas,J (2481)-Timofeev,A (2596) Barcelona 2016}) 8. d4 cxd4 9. Nxd4 {LiveBook: 5 Games} Nxd4 10. cxd4 Nb4 $146 ({Predecessor:} 10... Qe6+ 11. Kf1 Qa6+ 12. Kg1 e6 13. Nc3 Nxc3 14. bxc3 Bd6 15. Qb3 {½-½ (28) Viana da Costa,F (2294)-Martins,V (2308) Sao Jose de Rio Preto 2008}) 11. O-O Nc2 12. g4 ({But not} 12. Bxb7 Rd8 $15) 12... Bg6 13. Na3 Nxa1 14. Bxb7 {aiming for Qa4+.} Rb8 $1 {[%cal Rb8b7]} 15. Qf3 {[#]} Rxb7 $1 16. Qxb7 f6 17. Be3 Qe6 {[%mdl 64] Threatens to win with ...Nc2. Double Attack} 18. Rxa1 Qxg4+ (18... Be4 {keeps more tension.} 19. Qb8+ Kf7 20. Nb5 Qxg4+ 21. Qg3 Qf5) 19. Qg2 Qxg2+ 20. Kxg2 Kd7 21. Rc1 e6 22. Bf4 Be4+ $1 23. f3 Bc6 1/2-1/2

[Event "Orbis-2 GM 2018"]
[Site "Paracin"]
[Date "2018.12.06"]
[Round "5"]
[White "Kosic, Dragan"]
[Black "Gukesh D"]
[Result "1/2-1/2"]
[WhiteElo "2488"]
[BlackElo "2466"]
[Annotator "RC"]
[PlyCount "28"]
[EventDate "2018.12.03"]
[EventType "tourn"]
[EventCountry "SRB"]
[SourceTitle "playchess.com"]
[Source "ChessBase"]
[SourceQuality "1"]
[TimeControl "40/5400+30:1800+30"]

1. d4 {[%emt 0:00:00]} Nf6 {[%emt 0:00:00]} 2. c4 {[%emt 0:00:23]} g6 {[%emt 0:00:00]} 3. Nc3 {[%emt 0:01:50]} Bg7 {[%emt 0:00:00]} 4. e4 {[%emt 0:00:06]} d6 {[%emt 0:00:06]} 5. Nf3 {[%emt 0:00:04]} O-O {[%emt 0:00:07]} 6. Be2 {[%emt 0:00:03]} e5 {[%emt 0:01:52]} 7. Be3 {[%emt 0:00:11]} exd4 {[%emt 0:01:46]} 8. Nxd4 {[%emt 0:00:11]} Re8 {[%emt 0:00:06]} 9. f3 {[%emt 0:00:13]} c6 {[%emt 0:00:50]} 10. Bf2 {[%emt 0:01:48]} d5 {[%emt 0:00:07]} 11. exd5 {[%emt 0:00:06]} cxd5 {[%emt 0:00:05]} 12. O-O {[%emt 0:00:13]} Nc6 {[%emt 0:00:42]} 13. c5 {[%emt 0:00:07]} Nh5 {[%emt 0:01:16]} 14. Qd2 {[%emt 0:00:26]} Be5 {[%emt 0:19:32]} 1/2-1/2

[Event "Orbis-2 GM 2018"]
[Site "Paracin"]
[Date "2018.12.06"]
[Round "5"]
[White "Pikula, Dejan"]
[Black "Stankovic, Milos"]
[Result "1/2-1/2"]
[WhiteElo "2486"]
[BlackElo "2451"]
[Annotator "TA"]
[PlyCount "31"]
[EventDate "2018.12.03"]
[EventType "tourn"]
[EventCountry "SRB"]
[SourceTitle "playchess.com"]
[Source "ChessBase"]
[SourceQuality "1"]

{[%evp 17,31,-24,-13,-46,-16,0,-8,-10,37,34,35,31,60,58,56,52]} 1. Nf3 Nf6 2. g3 g6 3. Bg2 Bg7 4. O-O O-O 5. d3 d5 6. Nbd2 a5 {A07: Réti Opening: New York and Capablanca Systems} (6... Nc6 7. e4 e5 8. Re1 Re8 9. h3 h6 10. a3 a5 11. b3 d4 12. Bb2 b6 13. Nc4 Ba6 14. Rc1 Nh7 15. c3 Ng5 16. cxd4 Nxf3+ 17. Qxf3 Nxd4 {1-0 (57) Hansen,E (2629)-Hammer,J (2631) chess.com INT 2018}) 7. e4 dxe4 8. dxe4 a4 9. a3 Nc6 {LiveBook: 3 Games} 10. c3 Qd3 $146 ({Predecessor:} 10... e5 11. Qc2 Qe7 12. Re1 h6 13. Nc4 Be6 14. Nfd2 Qc5 15. Qd3 b5 {0-1 (31) Skvortsov,V (2016)-Dzhangobegov,V (2315) Kazan 2016}) 11. Re1 Bg4 12. Bf1 Bxf3 13. Qxf3 {White is slightly better.} Qxf3 14. Nxf3 Nd7 15. Be3 Rfd8 16. Rad1 1/2-1/2

[Event "Orbis-2 GM 2018"]
[Site "Paracin"]
[Date "2018.12.06"]
[Round "5"]
[White "Mendonca, Leon Luke"]
[Black "Aithmidou, Mohamed-Mehdi"]
[Result "1-0"]
[WhiteElo "2350"]
[BlackElo "2261"]
[Annotator "TA"]
[PlyCount "145"]
[EventDate "2018.12.03"]
[EventType "tourn"]
[EventCountry "SRB"]
[SourceTitle "playchess.com"]
[Source "ChessBase"]
[SourceQuality "1"]

{[%evp 20,145,-15,-31,-25,-25,-25,-12,-8,-62,9,0,3,8,24,10,28,28,28,27,27,18,26,24,22,0,22,0,83,64,55,14,20,38,129,128,144,72,118,81,166,155,136,116,225,230,245,138,132,113,100,94,91,82,117,108,112,77,68,79,142,149,221,209,316,287,315,285,277,268,254,242,241,204,204,205,208,203,202,202,254,254,322,317,295,254,254,254,397,389,394,308,388,286,502,501,483,290,472,440,577,407,706,690,639,657,842,857,791,797,804,746,640,512,1437,1412,29982,3341,29989,29990,29991,29992,29992,29988,29988,71,29989,29990]} 1. d4 Nf6 2. c4 e6 3. Nc3 Bb4 4. e3 O-O 5. Nge2 Re8 6. a3 Bf8 7. d5 a5 8. Ng3 {E46: Nimzo-Indian: Rubinstein: 4 e3 0-0 5 Ne2 without early Bd3} Na6 9. Bd3 (9. Be2 Nc5 10. b3 d6 11. Rb1 c6 12. b4 axb4 13. axb4 Na6 14. e4 exd5 15. cxd5 cxd5 16. exd5 {1-0 (55) Tregubov,P (2588)-Melkumyan,H (2660) Douglas 2018}) 9... Nc5 10. Bc2 exd5 11. cxd5 {LiveBook: 5 Games} b5 12. Nxb5 Ba6 13. Nc3 Bd6 14. f3 $146 (14. Rb1 $11) ({Predecessor:} 14. b4 Be5 15. Bb2 axb4 16. axb4 {½-½ (95) Badelka,O (2175)-Drakoulakos,G (2270) Poprad 2016}) 14... Nh5 ({Black should try} 14... c6 $15) 15. Nxh5 $11 {aiming for Ng3.} Qh4+ {[%mdl 64] [#] Double Attack} 16. g3 Qxh5 17. Kf2 $1 Qh3 18. b4 Be5 19. bxc5 {Bd2 is the strong threat.} Bxc3 20. Rb1 Rab8 21. Rxb8 Rxb8 22. f4 Bb2 23. Be4 Qh6 (23... h5 $11) 24. Qc2 Bxc1 25. Rxc1 {With the idea Kg1.} Qxh2+ 26. Bg2 Qh6 (26... Qh5 $1 $14) 27. Rb1 $16 Rf8 28. Qd2 (28. d6 $142) 28... Qh5 29. Rb2 Bc4 (29... Qg6 $16) 30. Qd4 $18 Ba6 31. Qa4 Qf5 (31... Qg6 $16 {was called for.}) 32. Qxa5 Qd3 33. Rd2 (33. Qxc7 $18 Qc3 34. Qb6) 33... Qc4 $16 34. Qb4 ({Reject} 34. Qxc7 $6 Qc3 $11) 34... Qc1 35. a4 Re8 36. c6 d6 {[#]} 37. Qb2 $1 {[%cal Rb2c1]} Qc5 {[%csl Ge8][%cal Rc5e3]} 38. Qd4 {And now Qxc5 would win.} Qa3 39. e4 $40 {[%cal Be3e4,Be4e5][%mdl 160] White is out for blood.} Ra8 (39... f6 $142) 40. e5 Bc8 (40... h6 $16 41. e6 Qc1) 41. Qe3 $18 Qxe3+ (41... Qb4 $142 42. Rd4 Qb2+ 43. Qd2 (43. Rd2 Qb4 $16) 43... Qb6 44. exd6 cxd6) 42. Kxe3 {[%mdl 4096] Endgame KRB-KRB} Kf8 43. exd6 cxd6 44. Rb2 Ke7 45. Rb4 h5 46. Re4+ Kd8 47. Bf1 Ra7 48. Kd2 Bg4 49. Be2 Bf5 50. Rb4 Ra5 51. Bb5 ({Weaker is} 51. Bxh5 Rxd5+ 52. Ke3 Rd3+ 53. Kf2 g6 $16) 51... Ra7 52. Bd3 Bc8 53. Kc3 Ra5 (53... g6 $142 54. Kd4 Ra5) 54. Bb5 Bf5 55. Rd4 Kc7 56. Rd2 Be4 $2 (56... Bg4 57. Kb4 Ra8) 57. Kd4 f5 58. Kc3 Kb6 $2 (58... Ra8 59. Kd4 g6) 59. Kb4 Ra7 60. Rd1 Bf3 (60... Ra8 $142 61. Bc4 Ra5) 61. Rd3 Be4 62. Ra3 Ra8 63. a5+ Kc7 64. Bc4 Rb8+ 65. Kc3 Ra8 66. a6 Ra7 (66... Rb8 $142 67. a7 Ra8) 67. Rb3 Kc8 68. Kb4 (68. Rb7 $142 Rxb7 69. axb7+ Kc7 70. Kb4 g5 71. fxg5 Bb1 72. Ka5 f4 73. Ka6) 68... Kb8 69. Ka5+ Ka8 70. Rb7 Rxb7 71. axb7+ Ka7 72. b8=Q+ {[%mdl 64] Deflection} Kxb8 73. Kb6 {Accuracy: White = 74%, Black = 41%.} 1-0

[Event "Orbis-2 GM 2018"]
[Site "Paracin"]
[Date "2018.12.06"]
[Round "5"]
[White "Der Manuelian, Haik"]
[Black "Djordjevic, Vuk"]
[Result "1/2-1/2"]
[WhiteElo "2262"]
[BlackElo "2414"]
[Annotator "TA"]
[PlyCount "152"]
[EventDate "2018.12.03"]
[EventType "tourn"]
[EventCountry "SRB"]
[SourceTitle "playchess.com"]
[Source "ChessBase"]
[SourceQuality "1"]

{[%evp 16,152,11,7,7,8,0,0,10,12,16,14,30,12,17,-9,-11,-19,6,0,-13,-7,0,0,0,0,0,0,0,0,0,0,0,0,0,-5,0,0,0,0,0,0,0,0,27,24,39,31,32,19,33,22,27,20,19,6,6,7,10,0,0,0,0,-24,-24,-7,0,0,0,0,0,0,0,0,15,0,11,0,11,0,14,14,16,0,0,0,0,-27,0,0,14,0,14,14,15,10,19,10,10,10,10,10,10,0,10,10,10,10,10,10,10,0,10,0,10,0,10,0,10,0,10,10,10,0,25,0,14,14,25,25,25,25,25,25,25,25,25,25,25]} 1. e4 e6 2. d4 d5 3. Nc3 Bb4 4. exd5 exd5 5. Bd3 Nf6 6. Nge2 O-O 7. O-O Re8 8. Ng3 {C01: French: Exchange Variation} (8. a3 Be7 9. Ng3 c6 10. Re1 Nbd7 11. Nf5 Bf8 12. Bf4 Nb6 13. Qf3 Bxf5 14. Bxf5 Nc4 15. b3 Nd6 16. Rxe8 Nfxe8 {1-0 (52) Alekseev,E (2620)-Antipov,M (2593) Sochi 2018}) 8... c6 9. Bf4 {LiveBook: 3 Games} Nbd7 10. Nce2 $146 {The position is equal.} ({Predecessor:} 10. Nf5 Nf8 11. Qf3 Bxf5 12. Bxf5 Ne6 13. Be3 Nd7 14. Bd3 g6 15. Ne2 f5 {0-1 (53) Scherer,F (2177)-Seifert,V (2316) Latschach 2007}) 10... Nf8 11. c3 Be7 12. Qc2 Bg4 13. Rae1 Bd6 14. Bc1 Qc7 15. h3 Bxe2 16. Nxe2 h6 17. b3 Ne6 18. c4 Bb4 19. Rd1 dxc4 20. bxc4 Rad8 21. Be3 Bd6 22. Kh1 b6 23. a4 Nf4 24. Bxf4 Bxf4 25. Rfe1 Bd6 26. Ng1 Rxe1 27. Rxe1 Bb4 28. Rb1 a5 29. Nf3 c5 30. d5 Re8 31. Qd1 Qd6 32. Rb2 Qd7 33. Kg1 Re7 34. Kf1 g6 35. Re2 Rxe2 36. Kxe2 Ne8 37. Bc2 Nd6 38. Qd3 Qe7+ 39. Kf1 Qf6 40. g3 Qb2 41. Qb3 Qf6 42. Kg2 Kg7 43. Bd3 Kf8 44. Qc2 Qa1 45. h4 Qf6 46. Qc1 Kg7 47. Qc2 Qa1 48. Qe2 Qf6 49. Qe5 (49. h5 {seems wilder.} g5 50. Ne5 Bc3 51. Ng4 Qd8 52. Qc2) 49... Bc3 50. Qxf6+ Kxf6 $11 {[%mdl 4096] Endgame KBN-KBN} 51. Ng1 Ke5 {[#] Hoping for ...Kd4.} (51... b5 $5 52. cxb5 (52. axb5 a4 $15) 52... c4 $15) 52. Ne2 Bb2 53. f4+ Kf6 54. g4 Ke7 55. Kf3 Nc8 56. g5 hxg5 57. hxg5 Nd6 58. Ng3 Bc1 59. Nh1 Nc8 60. Nf2 Nd6 61. Ng4 Bb2 62. Ne5 Ke8 63. Ng4 Bc1 64. Ne5 Bd2 65. Ng4 Kf8 66. Ne5 Bc3 67. Ng4 Ke7 68. Nf2 Bb2 69. Ng4 Ne8 70. Nf2 Ng7 71. Kg4 Bc1 72. f5 {White has an edge.} gxf5+ 73. Bxf5 Ne8 74. Ne4 Bb2 75. Kf3 Be5 76. Bh3 Nd6 {Accuracy: White = 47%, Black = 55%.} 1/2-1/2

[Event "Orbis-2 GM 2018"]
[Site "Paracin"]
[Date "2018.12.07"]
[Round "6"]
[White "Kosic, Dragan"]
[Black "Pikula, Dejan"]
[Result "1/2-1/2"]
[WhiteElo "2488"]
[BlackElo "2486"]
[Annotator "TA"]
[PlyCount "34"]
[EventDate "2018.12.03"]
[EventType "tourn"]
[EventCountry "SRB"]
[SourceTitle "playchess.com"]
[Source "ChessBase"]
[SourceQuality "1"]

{[%evp 25,28,20,20,23,22]} 1. d4 d5 2. c4 c6 3. cxd5 cxd5 4. Bf4 Nf6 5. Nc3 a6 6. e3 Nc6 7. Bd3 Bg4 8. Nge2 e6 9. O-O Bd6 10. f3 {D10: Slav Defence: 3 cxd5 (without early Nf3) and 3 Nc3} Bh5 11. Rc1 O-O 12. Na4 Bg6 13. Bxg6 hxg6 {LiveBook: 6 Games} 14. Bxd6 Qxd6 {Predecessor:} 15. Nc5 $146 b6 16. Nd3 Rfc8 17. Qd2 Rc7 {½-½ (36) Paravyan,D (2423)-Seliverstov,V (2440) Moscow 2014} 1/2-1/2

[Event "Orbis-2 GM 2018"]
[Site "Paracin"]
[Date "2018.12.07"]
[Round "6"]
[White "Gukesh D"]
[Black "Krishnater Kushager"]
[Result "1-0"]
[WhiteElo "2466"]
[BlackElo "2305"]
[Annotator "TA"]
[PlyCount "65"]
[EventDate "2018.12.03"]
[EventType "tourn"]
[EventCountry "SRB"]
[SourceTitle "playchess.com"]
[Source "ChessBase"]
[SourceQuality "1"]

{[%evp 29,65,24,34,22,31,15,21,10,10,2,12,5,9,13,18,0,8,0,56,54,51,55,52,36,31,34,47,29,72,49,115,124,271,269,261,266,263,237]} 1. Nf3 Nf6 2. g3 g6 3. b3 Bg7 4. Bb2 O-O 5. Bg2 c5 6. c4 Nc6 7. O-O d6 8. d4 cxd4 9. Nxd4 Bd7 10. Nc3 Nxd4 11. Qxd4 Bc6 12. Nd5 Bxd5 13. Bxd5 {E60: King's Indian: Unusual lines and Fianchetto Variation without Nc3} Nh5 (13... Ne8 14. Qd2 Bxb2 15. Qxb2 Qb6 16. Rfc1 Nf6 17. Bf3 Rfc8 18. Rab1 a5 19. a3 Rc7 20. h4 h5 21. b4 axb4 22. axb4 Rac8 23. c5 dxc5 24. bxc5 Qxb2 25. Rxb2 Rxc5 26. Rxc5 Rxc5 27. Rxb7 {½-½ (27) Bruzon Batista,L (2660)-Swiercz,D (2639) Saint Louis 2017}) 14. Qd2 Bxb2 15. Qxb2 Qb6 {LiveBook: 8 Games} 16. Rad1 a5 17. Rd3 (17. Bf3 {is more complex.} Nf6 18. Rd4 Rfd8 19. Rfd1 h5 20. Qd2) 17... Nf6 18. Bg2 Rfc8 19. Rc1 Rc5 20. Rdc3 Rac8 21. a3 $146 Nd7 22. Bh3 e6 23. Qd2 a4 (23... R5c7 $11) 24. b4 $1 $14 {[%cal Rb4c5]} R5c7 $1 25. e4 Qc6 26. Bg2 $36 {[%mdl 2048] Black must now prevent e5! White fights for an advantage.} Ne5 27. Qd4 Qd7 28. c5 {[%cal Bc4c5,Bc5d6][%mdl 32]} Rd8 29. h3 Nc6 (29... Qe7 $14) 30. Qxd6 $16 Qxd6 (30... Qc8 $16 {is a better defense.}) 31. cxd6 $18 {White has a decisive advantage.} Rcd7 {[#]} 32. Rxc6 $1 bxc6 33. e5 {Precision: White = 64%, Black = 44%.} 1-0

[Event "Orbis-2 GM 2018"]
[Site "Paracin"]
[Date "2018.12.07"]
[Round "6"]
[White "Stankovic, Milos"]
[Black "Der Manuelian, Haik"]
[Result "1-0"]
[WhiteElo "2451"]
[BlackElo "2262"]
[Annotator "TA"]
[PlyCount "71"]
[EventDate "2018.12.03"]
[EventType "tourn"]
[EventCountry "SRB"]
[SourceTitle "playchess.com"]
[Source "ChessBase"]
[SourceQuality "1"]

{[%evp 25,71,14,14,14,24,22,25,23,72,62,81,81,91,80,87,108,147,151,158,104,205,204,232,268,260,272,262,258,303,304,308,377,431,434,427,408,429,377,427,425,591,570,4718,4610,2333,2253,1383,956]} 1. e4 e5 2. Nf3 Nc6 3. Bc4 Bc5 4. c3 Nf6 5. d4 exd4 6. e5 d5 7. Bb5 Ne4 8. cxd4 Bb6 9. Nc3 O-O 10. Be3 {C54: Giuoco Piano: 4 c3 Nf6, main lines with 5 d4 and 5 d3} Ne7 (10... Bg4 11. h3 Bh5 12. Qc2 Bg6 13. Qb3 Ne7 14. O-O c6 15. Bd3 Kh8 16. Nh4 c5 17. Nxg6+ fxg6 18. Bxe4 cxd4 19. Nxd5 Nxd5 {1-0 (51) Jones,G (2677)-Aronian,L (2780) Douglas 2018}) 11. Qc2 Bf5 12. Bd3 Nxc3 13. bxc3 Qd7 {LiveBook: 3 Games} 14. O-O Bxd3 15. Qxd3 Qf5 16. Qe2 h6 $146 ({Predecessor:} 16... Ng6) 17. Nh4 Qe4 18. g4 g5 19. f3 $36 {[%cal Bf2f3,Bf3f4,Bf4f5,Bf5f6][%mdl 2080] White is on the roll.} Qh7 20. Ng2 f5 21. f4 Qg6 22. h4 ({Better is} 22. Rae1) 22... gxh4 (22... fxg4 $16 23. Qxg4 (23. fxg5 Qe4 $14) 23... gxh4 24. Qxg6+ Nxg6) 23. Nxh4 $18 Qxg4+ 24. Qxg4+ fxg4 25. f5 Kh7 26. Kg2 Rf7 27. f6 Ng8 28. Nf5 Re8 29. Rh1 Kg6 30. Raf1 Rh7 31. Ng7 Rxg7 32. fxg7 {White is clearly winning.} Re7 {[#]} 33. Bxh6 $1 {[%mdl 512]} Nxh6 34. Rf6+ Kxg7 35. Rhxh6 Ba5 36. Rfg6+ {Accuracy: White = 90%, Black = 30%.} 1-0

[Event "Orbis-2 GM 2018"]
[Site "Paracin"]
[Date "2018.12.07"]
[Round "6"]
[White "Djordjevic, Vuk"]
[Black "Mendonca, Leon Luke"]
[Result "1/2-1/2"]
[WhiteElo "2414"]
[BlackElo "2350"]
[Annotator "TA"]
[PlyCount "99"]
[EventDate "2018.12.03"]
[EventType "tourn"]
[EventCountry "SRB"]
[SourceTitle "playchess.com"]
[Source "ChessBase"]
[SourceQuality "1"]

{[%evp 14,99,18,16,15,19,21,13,14,3,19,0,30,24,22,20,20,25,27,13,21,23,22,6,3,0,13,0,0,2,8,-29,-28,-21,-12,-13,-10,-19,-4,-27,-7,-4,-2,-34,-34,-35,-41,-32,-36,-48,-33,-49,0,-38,-8,-8,-8,-6,-8,-6,-6,0,0,-14,-14,-18,-10,-30,-30,-37,-35,-29,-29,-76,-54,-60,-21,-45,0,0,0,0,0,0,-1,-2,0,-2]} 1. d4 Nf6 2. Bg5 Ne4 3. Bf4 d5 4. e3 c5 5. Bd3 Nf6 6. c3 {A45: Trompowsky Attack} Nc6 7. Nd2 Bg4 8. Ngf3 {LiveBook: 48 Games} a6 9. O-O e6 10. Re1 $146 ({Predecessor:} 10. h3 Bh5 11. Re1 Be7 12. a3 O-O 13. b4 cxd4 14. cxd4 {1-0 (47) Kribben,M (2651)-Serradimigni,R (2561) ICCF email 2012}) 10... Be7 11. Qb1 Bh5 12. Ne5 Bg6 13. Nxg6 hxg6 14. h3 Bd6 15. dxc5 Bxc5 16. Nf3 O-O 17. Qc2 Qb6 18. Rab1 Rfd8 19. Qa4 Be7 (19... Rac8 {with more complications.} 20. Qb3 Qa7 21. a3 Bd6 22. Bg5 Be7) 20. Nd4 Rac8 21. Nxc6 Qxc6 22. Qc2 Nd7 23. Qe2 Nc5 24. Bc2 Ne4 25. Red1 b5 26. Rbc1 Nc5 (26... Bh4 {is interesting.} 27. Rf1 Bf6 28. Rcd1 Nc5 29. a3 a5) 27. Be5 Bf6 28. Bxf6 gxf6 29. Rd4 f5 30. Rcd1 Kg7 31. Qf3 Qc7 32. Qe2 Qc6 33. Ra1 Nd7 {[%cal Bc5d7,Bd7e5,Be5c4][%mdl 32]} 34. a4 Ne5 35. Rb4 {[%cal Ra4b5]} Nc4 36. Bd3 Rb8 37. axb5 axb5 38. Qc2 Ra8 $36 {[%mdl 2048] Black fights for an advantage.} 39. Rd1 Ra2 40. Bxc4 bxc4 41. Qd2 Qc5 42. h4 Rda8 43. Qe2 Ra1 44. Qe1 Qa7 45. b3 Rxd1 (45... cxb3 {keeps more tension.} 46. Rxb3 Ra3 47. Rxa3 Qxa3 48. g3 Rc8) 46. Qxd1 {The position is equal.} Qa1 47. Qxa1 Rxa1+ 48. Kh2 cxb3 49. Rxb3 Rc1 50. g3 {Accuracy: White = 47%, Black = 59%.} 1/2-1/2